Online
Catalog
Normal view MARC view

Entry Nombre personal

Number of records used in: 3

001 - NÚMERO DE CONTROL

  • campo de control: 13095

003 - IDENTIFICADOR DEL NÚMERO DE CONTROL

  • campo de control: DO-SdBNP

005 - FECHA Y HORA DE LA ÚLTIMA TRANSACCIÓN

  • campo de control: 20250829114600.0

008 - DATOS DE LONGITUD FIJA

  • campo de control de longitud fija: 200615|| aca||aabn | a|a d

010 ## - NÚMERO DE CONTROL DE LA BIBLIOTECA DEL CONGRESO

  • Número de control de LC: nr 88008897

040 ## - FUENTE DE LA CATALOGACIÓN

  • Centro catalogador/agencia de origen: DO-SdBNP
  • Lengua de catalogación: spa
  • Centro/agencia transcriptor: BNPHU
  • Normas de descripción: rda

046 ## - FECHAS CON CODIFICACIÓN ESPECIAL

  • Fecha de nacimiento: 1944

100 1# - ENCABEZAMIENTO-NOMBRE DE PERSONA

  • Nombre de persona: Portuondo Zúñiga, Olga,
  • Fechas asociadas al nombre: 1944-

370 ## - LUGAR ASOCIADO

  • Lugar de nacimiento: Camagüey (Cuba)

372 ## - CAMPO DE ACTIVIDAD

  • Campo de actividad: Graduada de Licenciatura en Historia por la Universidad de Oriente, 1967
  • Campo de actividad: Doctora en Ciencias Históricas por la Universidad de La Habana, 1988

374 ## - OCUPACIÓN

  • Ocupación: Historiadora de la Ciudad de Santiago de Cuba desde 1977
  • Ocupación: Miembro de número de la Academia de la Historia de Cuba, letra D
  • Ocupación: Ha trabajado como profesora invitada de Alcalá de Henares, Universidad de París, Sorbonne y la Universidad de Goias, Brasil.
  • Ocupación: En su labor investigatiba, desde 1964 se ha dedicado principalmente a estudios teóricos y metodológicos relacionados con la historia regional del oriente de Cuba , fundamentamente en el siglo XVIII y la primera mitad del siglo XIX. Durante cincuenta años ha trabajado en procesos de formación de la identidad y y de la nacionalidad cubanas, en especial de poblacion rural y urbana libre de color. Publicó un estudio sobre los fundamentos históricos En los últimos años se ha dedicado al análisis de la cultura popular del culto popular mariano de Cuba. En los últimos anos se ha dedicado al análisis de la cultura popular y del liberalismo cubano .

375 ## - GÉNERO/SEXO

  • Género/Sexo: Femenino

377 ## - LENGUA/LENGUAJE ASOCIADO

  • Código del idioma: spa
  • Término de lengua/lenguaje: Español

378 ## - FORMA COMPLETA/DESARROLLADA DEL NOMBRE

  • Forma completa/desarrollada del nombre: Olga Sarina

400 1# - TRAZADO DE VÉASE--NOMBRE DE PERSONA

  • Nombre de persona: Zúñiga, Olga Portuondo

400 1# - TRAZADO DE VÉASE--NOMBRE DE PERSONA

  • Nombre de persona: Portuondo, Olga

670 ## - FUENTE DE DATOS ENCONTRADOS

  • Cita de la fuente: Work cat.: (OSt)4287: Portuondo Zúñiga, Olga, 1944-, La Virgen de la Caridad del Cobre :, 2001.

670 ## - FUENTE DE DATOS ENCONTRADOS

  • Cita de la fuente: Portuondo Zúñiga, Olga. Cuba en la anexión de Sant Domingo a España. Santo Domingo : Archivo General de la Nación, 2019 2v.

670 ## - FUENTE DE DATOS ENCONTRADOS

  • Identificador Uniforme del Recurso: https://authorities.loc.gov/authority/d0612379-750f-4f1d-9175-6458ff4645a6?searchFields=name&searchType=begins&searchTerm=Portuondo+Z%C3%BA%C3%B1iga%2C+Olga&limit=100&sortBy=relevance&headingRef=Portuondo+Zu%CC%81n%CC%83iga%2C+Olga Consultado en 29 de agosto, 2025

Powered by Koha